| 000 | 00000nam##2200000za#4500 |
| 001 | 9.534762 |
| 003 | CaOODSP |
| 005 | 20210615083640 |
| 007 | ta |
| 008 | 150406|2000||||xxc||||| f|0| 0 eng|d |
| 040 | |aCaOODSP|beng |
| 041 | |aeng |
| 041 | |afre |
| 043 | |an-cn--- |
| 086 | 1 |aNH14-1/0384 |
| 110 | 2 |aCanada Mortgage and Housing Corporation. |
| 245 | 10|aBringing computers into the permitting process, Strathcona County, Alberta / |cby Rowena E. Moyes. |
| 260 | |aOttawa - Ontario : |bCanada Mortgage and Housing Corporation |c2000. |
| 300 | |aEnglish text, ii, 13p. : |billus. ; |c28 cm. |
| 490 | 1 |aAffordability and Choice Today (ACT) regulatory reform project|v0384 |
| 546 | |aBilingual |
| 563 | |aSoftcover |
| 590 | |a01-05|b2001-02-02 |
| 690 | 07|aAutomation|2gcpds |
| 690 | 07|aSubsidized housing|2gcpds |
| 720 | 1 |aMoyes, Rowena E. |
| 776 | 0#|tAutomatisation du processus d'émission de permis Strathcona County (Alberta) / |w(CaOODSP)9.603559 |
| 776 | 0#|tBringing computers into the permitting process, Strathcona County, Alberta / |w(CaOODSP)9.573390 |
| 792 | |tAutomatisation du processus d'émission de permis, Strathcona County (Alberta) / |efre|w(CaOODSP)9.534763 |
| 830 | #0|aAffordability and Choice Today (ACT) regulatory reform project ;|v0384|w(CaOODSP)9.509540 |
| 986 | |aPB 0384 |